| 000 | 00598nam a22001697a 4500 | ||
|---|---|---|---|
| 005 | 20241016134549.0 | ||
| 008 | 241015b |||||||| |||| 00| 0 eng d | ||
| 020 | _a9786214182978 | ||
| 082 | _aDFil 616.0252 D679 2024 | ||
| 100 |
_aDogui-is, Cora M. _962925 |
||
| 245 |
_aFirst aid, rescue and water safety : _ba self-regulated learning module / _cCora M. Dogui-is. |
||
| 260 |
_aQuezon City : _bWiseman's Books Trading, _c©2024. |
||
| 300 |
_avi, 135 pages : _billustrations ; _c23 cm. |
||
| 500 | _aIncludes references. | ||
| 650 | 0 |
_aFirst aid in illness and injury. _963035 |
|
| 942 |
_2ddc _cDFIL |
||
| 999 |
_c22553 _d22553 |
||